Gender and development : critical concepts in development studies (Record no. 264755)

MARC details
000 -LEADER
fixed length control field 00800nam a2200229Ia 4500
008 - FIXED-LENGTH DATA ELEMENTS--GENERAL INFORMATION
fixed length control field 191130s2008##################000#0#eng##
020 ## - INTERNATIONAL STANDARD BOOK NUMBER
ISBN 9780415422758
082 ## - DEWEY DECIMAL CLASSIFICATION NUMBER
Classification number 306.361509 MOM
245 ## - TITLE STATEMENT
Title Gender and development : critical concepts in development studies
Statement of responsibility, etc edited by Janet D. Momsen
260 ## - PUBLICATION, DISTRIBUTION, ETC. (IMPRINT)
Place of publication New York ; London
Name of publisher Routledge
Year of publication 2008
300 ## - PHYSICAL DESCRIPTION
Number of Pages 4 v. : ill., maps ; 24 cm
500 ## - GENERAL NOTE
General note Includes bibliographical references
650 ## - SUBJECT ADDED ENTRY--TOPICAL TERM
Topical Term Sexual division of labor - Developing countries
Topical Term Women - Developing countries
Topical Term Women in development - Developing countries
700 ## - ADDED ENTRY--PERSONAL NAME
Personal name Momsen, Janet D
991 ## -
-- 173627
Holdings
Withdrawn status Lost status Damaged status Not for loan Home library Current library Shelving location Date acquired Full call number Accession Number Price effective from Koha item type
        Anna Centenary Library Anna Centenary Library 3RD FLOOR, B WING 13.10.2020 306.361509 MOM 151908 13.10.2020 English Books
        Anna Centenary Library Anna Centenary Library 3RD FLOOR, B WING 13.10.2020 306.361509 MOM 151909 13.10.2020 English Books
        Anna Centenary Library Anna Centenary Library 3RD FLOOR, B WING 13.10.2020 306.361509 MOM 151910 13.10.2020 English Books
        Anna Centenary Library Anna Centenary Library 3RD FLOOR, B WING 13.10.2020 306.361509 MOM 151911 13.10.2020 English Books

Find us on the map